000 01843cam a22004574i 4500
003 PE-LiUPU
005 20250731173026.0
008 150623s r 000 0 d
020 _a0827232136
035 _a(Sirsi) i9780827232136
040 _aPE-LiUPU
_bspa
_cPE-LiUPU
_erda
049 _aPRUA
082 0 4 _a268.8040973
_bR72
_221
100 1 _aSchuller, David S.,
_eautor.
245 1 0 _aRethinking christian education /
_cDavid S. Schuller.
264 1 _aSt. Louis, Missouri :
_bChalice Press,
_c1993.
300 _a144 páginas :
_bilustraciones, cuadros ;
_c23 centímetros
336 _atext
_2rdacontent
337 _aunmediated
_2rdamedia
338 _avolume
_2rdacarrier
504 _aBibliografía al final de cada capítulo.
505 0 _aThe local Church as Teacher: A Portrait. -Christian Education in a Pluralist Culture. -Education in Congregational Context. -Pastors as Teachers. -Rethinking Family Ministry. -Rethinking Children's Ministry. -Rethinking Youth Ministry. -Rethinking Adult Education. -Theological Seminaries and Effective Christian Education. -Three "Futuribles" for the Mainline Church.
526 _aSEG42
526 _aSEG41
526 _aSEG40
526 _aSEG39
526 _aP94
526 _aP87
526 _aP86
526 _aP85
526 _aP77
526 _aP76
526 _aP35
650 0 4 _aEducación cristiana
_xFilosofía.
942 _2ddc
_cBOOK
949 _a268.8040973 R72
_wDEWEY
_c1
_i47979
_lCCODEBUL1
_mBUL
_r0
_sY
_tBOOK
_u2015-6-24
_xTEOLOGIA
_zUNKNOWN
_0COMPRA
_o.STAFF. Colección General
994 _aC0
_bPEPRU
596 _a1
999 _a268.8040973 R72
_wDEWEY
_c24455
_i47979
_f2021-11-10
_g5
_lCCODEBUL1
_mBUL
_r0
_sY
_tBOOK
_u2015-6-24
_xTEOLOGIA
_zUNKNOWN
_0COMPRA
_o.STAFF. Colección General
_d24455
980 _81
_gALBERTO SANCHEZ Responsable de Automatización